01328nam a2200361 a 450000100060000000300090000600500170001500600090003200800410004101500120008201700510009402000180014503500210016304000280018408000150021208200180022710000370024524501650028226000270044730000290047449000210050349000210052450500650054559400620061065000320067270000500070471000200075492600150077494200120078995600060080199900170080795201420082426704CO-ViMGA20230915223425.0a3322260141112s2004 ck r 000 u spa d aMON0802 aM 27070 - 2007 Oficina Depósito Legal Madrid a9788441323957 a(OCoLC)433434450 aCO-ViMGAbspacCO-ViMGA a087.5 : 8204aI808.831 G73b1 aMolero i Lloret, Natalia 1959 - 10aBlancanieves : badaptación del cuento recopilado por los Hermanos Grimm ; [adaptación del cuento original, Natalia Molero ; ilustraciones, Cardona Estudio] aBarcelona Folio [2007] a10, 16 p. il. col. 20 cm0 aTeatro - cuentos0 aTeatro - cuentos aBlancanieves, el guión ; Blancanieves, el cuento ilustrado aAdaptación de : Schineewittchen / Jacob y Wilhelm Grimm14aCuentos clasicos infantiles1 aGrimm, Jacob 1785 - 1863 Schneewittchen93850 aCardona Estudio aMONOMODERN 2ddccBK a2 c10052d10052 00102ddc40708001aMEVIGAELAbMEVIGAELAd2015-12-04h16/feb/2015l0oI808.831 G73b p28224r2015-12-04 00:00:00tEj. 1w2015-12-04yBK